[Event "Unterfranken-ch HB 63th"]
[Site "Schweinfurt"]
[Date "2012.04.10"]
[Round "2"]
[White "Stegnar, Roland"]
[Black "Kaufmann, Samuel"]
[Result "1-0"]
[WhiteElo "1305"]
[BlackElo "1382"]
[PlyCount "73"]
[EventDate "2012.04.09"]
[EventType "swiss"]
[EventRounds "9"]
[EventCountry "GER"]
[SourceTitle "EXT 2015"]
[Source "ChessBase"]
[SourceDate "2014.11.20"]
[SourceVersion "1"]
[SourceVersionDate "2014.11.20"]
[SourceQuality "1"]

1. e4 c5 2. Nf3 Nc6 3. d4 cxd4 4. Nxd4 Nf6 5. Nc3 e5 6. Nxc6 bxc6 7. Bc4 Bc5 8. Qf3 h6 9. Qg3 Qe7 10. 0-0 g6 11. Qd3 Rb8 12. Na4 Bb7 13. Nxc5 Qxc5 14. Be3 Qe7 15. Bxa7 Ra8 16. Be3 g5 17. h3 0-0 18. a3 d5 19. exd5 cxd5 20. Bb5 Rfc8 21. Rfe1 Qc7 22. Rac1 Bc6 23. Bxc6 Qxc6 24. Qf5 e4 25. Bd4 Ne8 26. Qe5 f6 27. Qf5 Kg7 28. Re3 Qa4 29. Rc3 Rxc3 30. Bxc3 Qc6 31. Rd1 Rd8 32. Qg4 d4 33. Rxd4 Rxd4 34. Bxd4 Nd6 35. c3 Qb5 36. Qe6 Ne8 37. Qxe4 1-0

[Event "Unterfranken-ch HA 62th"]
[Site "Gerolzhofen"]
[Date "2011.04.29"]
[Round "8"]
[White "Kaufmann, Samuel"]
[Black "Degering, Heinz"]
[Result "1-0"]
[WhiteElo "1167"]
[BlackElo "1338"]
[PlyCount "94"]
[EventDate "2011.04.25"]
[EventType "swiss"]
[EventRounds "9"]
[EventCountry "GER"]
[SourceTitle "EXT 2015"]
[Source "ChessBase"]
[SourceDate "2014.11.20"]
[SourceVersion "1"]
[SourceVersionDate "2014.11.20"]
[SourceQuality "1"]

1. e4 e5 2. f4 exf4 3. Nf3 Be7 4. Bc4 Bh4+ 5. Kf1 b6 6. Nc3 Ba6 7. Bxa6 Nxa6 8. d4 g5 9. Nxh4 gxh4 10. Qg4 f3 11. gxf3 c6 12. Bg5 Ne7 13. Qxh4 Nc7 14. Rg1 Ne6 15. Bf6 Rf8 16. d5 Ng6 17. Rxg6 Qc8 18. Qxh7 cxd5 19. Rg8 dxe4 20. Rxf8+ Nxf8 21. Qxe4+ Ne6 22. Nd5 Qa6+ 23. Kf2 Rc8 24. Rg1 d6 25. Nc7+ Rxc7 26. Qa8+ Rc8 27. Rg8+ Nf8 28. Qe4+ Kd7 29. Qe7+ Kc6 30. Rxf8 Rxf8 31. Qxf8 Qb7 32. h4 Qd7 33. h5 Qf5 34. Qxf7 Qxc2+ 35. Kg3 Qd1 36. Bg7 Qg1+ 37. Kf4 Qc1+ 38. Kf5 Qc5+ 39. Kg6 Qc1 40. Kh7 Qd1 41. Kg8 d5 42. h6 d4 43. h7 d3 44. h8Q Qe2 45. Qh6+ Kc5 46. Qc7+ Kb4 47. Qhc6 Qc2 1-0

[Event "Unterfranken-ch HA 62th"]
[Site "Gerolzhofen"]
[Date "2011.04.27"]
[Round "4"]
[White "Kaufmann, Samuel"]
[Black "Walther, Wolfgang"]
[Result "1-0"]
[WhiteElo "1167"]
[BlackElo "1270"]
[PlyCount "71"]
[EventDate "2011.04.25"]
[EventType "swiss"]
[EventRounds "9"]
[EventCountry "GER"]
[SourceTitle "EXT 2015"]
[Source "ChessBase"]
[SourceDate "2014.11.20"]
[SourceVersion "1"]
[SourceVersionDate "2014.11.20"]
[SourceQuality "1"]

1. e4 d6 2. d4 Nf6 3. Nc3 e5 4. Bg5 Be7 5. Nf3 exd4 6. Nxd4 c5 7. Nf3 0-0 8. Qd2 Nc6 9. h4 Bg4 10. 0-0-0 Nd4 11. Qf4 Bxf3 12. gxf3 Nh5 13. Qg4 Nf6 14. Bxf6 Bxf6 15. Nd5 Be7 16. Bd3 g6 17. h5 g5 18. f4 h6 19. fxg5 Bxg5+ 20. f4 f5 21. exf5 Qd7 22. fxg5 Kh8 23. Rdf1 Qg7 24. Rhg1 Qg8 25. Nf4 Qxg5 26. Qxg5 hxg5 27. Ng6+ Kh7 28. Nxf8+ Rxf8 29. c3 Nc6 30. f6+ Kh6 31. Bg6 Ne5 32. Rf5 Nxg6 33. hxg6 Kxg6 34. Rgxg5+ Kh6 35. f7 b5 36. Rg8 1-0